Retours d’URSS. Les prisonniers de guerre et internés français dans les archives soviétiques, 1945-1951, coordonné par Catherine Klein-Gousseff avec la collaboration d’Elena V. Aniskina, Galina A. Kouznetsova, Oganes V. Marinine et Vsevolode Gousseff, Paris, CNRS Éditions, 2001, 428 p. (notice n° 1639916)
[ vue normale ]
| 000 -LEADER | |
|---|---|
| fixed length control field | 01303cam a2200157 4500500 |
| 005 - DATE AND TIME OF LATEST TRANSACTION | |
| control field | 20260201073234.0 |
| 041 ## - LANGUAGE CODE | |
| Language code of text/sound track or separate title | fre |
| 042 ## - AUTHENTICATION CODE | |
| Authentication code | dc |
| 100 10 - MAIN ENTRY--PERSONAL NAME | |
| Personal name | Weill, Claudie |
| Relator term | author |
| 245 00 - TITLE STATEMENT | |
| Title | Retours d’URSS. Les prisonniers de guerre et internés français dans les archives soviétiques, 1945-1951, coordonné par Catherine Klein-Gousseff avec la collaboration d’Elena V. Aniskina, Galina A. Kouznetsova, Oganes V. Marinine et Vsevolode Gousseff, Paris, CNRS Éditions, 2001, 428 p. |
| 260 ## - PUBLICATION, DISTRIBUTION, ETC. | |
| Date of publication, distribution, etc. | 2003.<br/> |
| 500 ## - GENERAL NOTE | |
| General note | 34 |
| 520 ## - SUMMARY, ETC. | |
| Summary, etc. | Why Women Should Not Go Into the Mines...Potosi, BoliviaIn Potosi, as in the majority of mining centers in the Andes, it is said that women should not go into the mines because, if they do, the mineral veins will disappear. Examination of the symbolic representations behind this prohibition reveals the social, economic and ideological logics lying behind it. Studying belief in the bad luck caused by women allows an investigation of cultural norms and how social actors appropriate and manipulate it in accordance with other types of considerations. |
| 786 0# - DATA SOURCE ENTRY | |
| Note | L'Homme & la Société | 146 | 4 | 2003-02-01 | p. 159d-166d | 0018-4306 |
| 856 41 - ELECTRONIC LOCATION AND ACCESS | |
| Uniform Resource Identifier | <a href="https://shs.cairn.info/revue-l-homme-et-la-societe-2002-4-page-159d?lang=fr&redirect-ssocas=7080">https://shs.cairn.info/revue-l-homme-et-la-societe-2002-4-page-159d?lang=fr&redirect-ssocas=7080</a> |
Pas d'exemplaire disponible.




Réseaux sociaux